[Event "British Chess Championships 2023: U14 Championship"]
[Site "The Venue, De Montfort University, 20 Western Boulevard, Leicester, LE2 7BU"]
[Date "2023.07.29"]
[Round "7"]
[Board "21"]
[White "Ou, Siyao"]
[Black "Martin, Ryan"]
[Result "0-1"]
[WhiteElo "1088"]
[BlackElo "1354"]
[PlyCount "135"]
[EventDate "2023.07.25"]
[EventRounds "7"]
[EventCountry "ENG"]

1. e4 c5 2. Nc3 Nc6 3. Nf3 g6 4. d4 cxd4 5. Nxd4 Bg7 6. Be3 d6 7. Be2 Nf6 8. h3 O-O
9. Qd2 Bd7 10. Nf3 a6 11. Bh6 Rb8 12. Bxg7 Kxg7 13. a3 Qc7 14. O-O Rfc8 15. Bd3 b5
16. Nd5 Nxd5 17. exd5 Na5 18. b3 Nb7 19. b4 h6 20. Nh4 e6 21. Rfe1 Re8 22. Be4 f5
23. Qd4+ e5 24. Qd3 fxe4 25. Qxe4 Bf5 26. Nxf5+ gxf5 27. Qxf5 Qf7 28. Qg4+ Qg6 29.
Qd7+ Kh8 30. Rac1 Rg8 31. g3 Qg7 32. Qe6 Rbe8 33. Qf5 Ref8 34. Qd3 Qf7 35. Re2 Qf3
36. Qd2 Qf6 37. Rf1 Rxg3+ 38. fxg3 Qxf1+ 39. Kh2 Qf6 40. h4 Nd8 41. Qe3 Qg7 42. Qd2
Nf7 43. Rf2 e4 44. Qe3 Ne5 45. Rxf8+ Qxf8 46. Qxe4 Qf3 47. Qe1 Qxa3 48. Kh3 Qf3 49.
Qc1 Kg7 50. Qa1 Qxd5 51. Qg1 Kg6 52. Qb1 h5 53. Kh2 Nf3+ 54. Kh3 Nd4 55. c4+ Qf5+
56. Qxf5+ Kxf5 57. cxb5 axb5 58. Kg2 Nc2 59. Kf3 Nxb4 60. g4+ hxg4+ 61. Kg3 Na2 62.
h5 Kg5 63. h6 Kxh6 64. Kxg4 b4 65. Kf5 b3 66. Ke6 b2 67. Kxd6 b1=Q 68. Kc6  0-1

[Event "British Chess Championships 2023: U14 Championship"]
[Site "The Venue, De Montfort University, 20 Western Boulevard, Leicester, LE2 7BU"]
[Date "2023.07.29"]
[Round "7"]
[Board "22"]
[White "Tagg, Ann"]
[Black "Miler, Jakub"]
[Result "0-1"]
[WhiteElo "1133"]
[BlackElo "1100"]
[PlyCount "30"]
[EventDate "2023.07.25"]
[EventRounds "7"]
[EventCountry "ENG"]

1. e4 e5 2. Nf3 Nc6 3. Bc4 Nf6 4. Ng5 Bc5 5. Nxf7 Bxf2+ 6. Kf1 Qe7 7. Nxh8 Nxe4 8.
Qe2 Qh4 9. d3 Nd4 10. g3 Nxg3+ 11. hxg3 Qxh1+ 12. Kxf2 Qh2+ 13. Kf1 Qxe2+ 14. Kg1
Nf3+ 15. Kh1 Qh2#  0-1